000 00376nam a22001577a 4500
003 macl
005 20160202175109.0
008 160202b xxu||||| |||| 00| 0 eng d
040 _cmacl
041 _aEnglish
082 _a001
100 _aChand Dr Tara
_933285
245 _aGeneral Studies Manual 2010
260 _aNew Delhi
_bTata McGraw Hill
_c2010
942 _2ddc
_cBK
999 _c52993
_d52993